Biographical and historical memoirs of Adams, Clay, Hall and Hamilton counties, Nebraska, comprising a condensed history of the state, (Record no. 51713)
[ view plain ]
| 000 -LEADER | |
|---|---|
| fixed length control field | 01330cam a22003131 4500 |
| 001 - CONTROL NUMBER | |
| control field | rc 01000033 |
| 003 - CONTROL NUMBER IDENTIFIER | |
| control field | DLC |
| 005 - DATE AND TIME OF LATEST TRANSACTION | |
| control field | 20260227111858.0 |
| 007 - PHYSICAL DESCRIPTION FIXED FIELD--GENERAL INFORMATION | |
| fixed length control field | cr_||||||||||| |
| 008 - FIXED-LENGTH DATA ELEMENTS--GENERAL INFORMATION | |
| fixed length control field | 800122s1890 iluc 000 0ceng |
| 010 ## - LIBRARY OF CONGRESS CONTROL NUMBER | |
| LC control number | rc 01000033 |
| 040 ## - CATALOGING SOURCE | |
| Original cataloging agency | DLC |
| Transcribing agency | DLC |
| Modifying agency | DLC |
| 043 ## - GEOGRAPHIC AREA CODE | |
| Geographic area code | n-us-nb |
| 050 00 - LIBRARY OF CONGRESS CALL NUMBER | |
| Classification number | F666 |
| Item number | .B61 |
| 245 00 - TITLE STATEMENT | |
| Title | Biographical and historical memoirs of Adams, Clay, Hall and Hamilton counties, Nebraska, comprising a condensed history of the state, |
| Remainder of title | a number of biographies of distinguished citizens of the same, a brief descriptive history of each of the counties mentioned, and numerous biographical sketches of the citizens of such counties ... |
| 260 ## - PUBLICATION, DISTRIBUTION, ETC. | |
| Place of publication, distribution, etc. | Chicago, |
| Name of publisher, distributor, etc. | The Goodspeed publishing co., |
| Date of publication, distribution, etc. | 1890. |
| 300 ## - PHYSICAL DESCRIPTION | |
| Extent | 784 p. |
| Other physical details | ports. |
| Dimensions | 29 x 23 cm. |
| 530 ## - ADDITIONAL PHYSICAL FORM AVAILABLE NOTE | |
| Additional physical form available note | Also available in digital form on the Internet Archive Web site. |
| 651 #0 - SUBJECT ADDED ENTRY--GEOGRAPHIC NAME | |
| Geographic name | Adams County (Neb.) |
| General subdivision | History. |
| 651 #0 - SUBJECT ADDED ENTRY--GEOGRAPHIC NAME | |
| Geographic name | Adams County (Neb.) |
| General subdivision | Biography. |
| 651 #0 - SUBJECT ADDED ENTRY--GEOGRAPHIC NAME | |
| Geographic name | Clay County (Neb.) |
| General subdivision | History. |
| 651 #0 - SUBJECT ADDED ENTRY--GEOGRAPHIC NAME | |
| Geographic name | Clay County (Neb.) |
| General subdivision | Biography. |
| 651 #0 - SUBJECT ADDED ENTRY--GEOGRAPHIC NAME | |
| Geographic name | Hall County (Neb.) |
| General subdivision | History. |
| 651 #0 - SUBJECT ADDED ENTRY--GEOGRAPHIC NAME | |
| Geographic name | Hall County (Neb.) |
| General subdivision | Biography. |
| 651 #0 - SUBJECT ADDED ENTRY--GEOGRAPHIC NAME | |
| Geographic name | Hamilton County (Neb.) |
| General subdivision | History. |
| 651 #0 - SUBJECT ADDED ENTRY--GEOGRAPHIC NAME | |
| Geographic name | Hamilton County (Neb.) |
| General subdivision | Biography. |
| 710 2# - ADDED ENTRY--CORPORATE NAME | |
| Corporate name or jurisdiction name as entry element | Goodspeed brothers. |
| 856 41 - ELECTRONIC LOCATION AND ACCESS | |
| Uniform Resource Identifier | <a href="http://hdl.loc.gov/loc.gdc/scd0001.00160861642">http://hdl.loc.gov/loc.gdc/scd0001.00160861642</a> |
No items available.